Score 0/51 Timer 08:00
3 Plays Today
Year Nominee % Correct
2002*Jennifer Aniston*
94.7%
2003Jennifer Aniston
94.7%
2004Jennifer Aniston
94.7%
2000Sarah Jessica Parker
94.2%
2001Sarah Jessica Parker
94.2%
2002Sarah Jessica Parker
94.2%
2003Sarah Jessica Parker
94.2%
2004*Sarah Jessica Parker*
94.2%
2007Tina Fey
92.1%
2008*Tina Fey*
92.1%
2009Tina Fey
92.1%
2009Sarah Silverman
86.5%
2007Mary-Louise Parker
83.9%
2008Mary-Louise Parker
83.9%
2009Mary-Louise Parker
83.9%
2006*Julia Louis-Dreyfus*
80.6%
2007Julia Louis-Dreyfus
80.6%
2008Julia Louis-Dreyfus
80.6%
2009Julia Louis-Dreyfus
80.6%
2000Debra Messing
80.1%
2001Debra Messing
80.1%
2002Debra Messing
80.1%
2003*Debra Messing*
80.1%
2006Debra Messing
80.1%
2005Teri Hatcher
73.3%
2007*America Ferrera*
73.1%
Year Nominee % Correct
2008America Ferrera
73.1%
2000*Patricia Heaton*
71.3%
2001*Patricia Heaton*
71.3%
2002Patricia Heaton
71.3%
2003Patricia Heaton
71.3%
2004Patricia Heaton
71.3%
2005Patricia Heaton
71.3%
2001Calista Flockhart
70.4%
2008Christina Applegate
70.2%
2009Christina Applegate
70.2%
2005*Felicity Huffman*
61.7%
2007Felicity Huffman
61.7%
2004Bonnie Hunt
61%
2000Jenna Elfman
60.1%
2009Toni Collette
48.9%
2000Jane Kaczmarek
48.4%
2001Jane Kaczmarek
48.4%
2002Jane Kaczmarek
48.4%
2003Jane Kaczmarek
48.4%
2004Jane Kaczmarek
48.4%
2005Jane Kaczmarek
48.4%
2006Jane Kaczmarek
48.4%
2005Marcia Cross
48.3%
2006Lisa Kudrow
44.7%
2006Stockard Channing
12.2%

You're not logged in!

Compare scores with friends on all Sporcle quizzes.
OR
Log In

Sporcle TV

Today on Sporcle TV


Watch our educational content, quiz creation guides, and fun videos on Sporcle TV.

Show Comments

Extras

Top Quizzes Today


Score Distribution

Paid Content

Your Account Isn't Verified!

In order to create a playlist on Sporcle, you need to verify the email address you used during registration. Go to your Sporcle Settings to finish the process.

Report this User

Report this user for behavior that violates our Community Guidelines.

Details: